000 00978cam a22002894a 4500
005 20260322212041.0
008 data
010 _a 2003006258
020 _a0787968803 (ppk.)
020 _a9780787968809 (ppk.)
040 _aDLC
_cDLC
_dDLC
042 _apcc
050 0 0 _aBF575.A5
_bC37 2003
082 0 0 _a152.4/7
_221
092 _a152.4 C37 2003
100 1 _aCarter, Les.
245 1 4 _aThe anger trap :
_bfree yourself from the frustrations that sabotage your life /
_cLes Carter.
250 _a1st ed.
260 _aSan Francisco, CA :
_bJossey-Bass,
_cc2003.
300 _axvi, 199 p. ;
_c24 cm.
650 0 _aAnger.
650 0 _aAnger
_vCase studies.
856 4 2 _3Contributor biographical information
_uhttp://www.loc.gov/catdir/bios/wiley046/2003006258.html
856 4 2 _3Publisher description
_uhttp://www.loc.gov/catdir/description/wiley039/2003006258.html
856 4 1 _3Table of contents
_uhttp://www.loc.gov/catdir/toc/wiley032/2003006258.html
001 data
999 _c954
_d954